MARC details
| 000 -LEADER |
| campo de control de longitud fija |
02018nam a2200469 i 4500 |
| 001 - NÚMERO DE CONTROL |
| campo de control |
MOR01000082251 |
| 003 - IDENTIFICADOR DE NÚMERO DE CONTROL |
| campo de control |
mxdfmo |
| 005 - FECHA Y HORA DE LA ÚLTIMA TRANSACCIÓN |
| campo de control |
20260331144905.0 |
| 007 - CAMPO FIJO DE DESCRIPCIÓN FÍSICA--INFORMACIÓN GENERAL |
| campo de control de longitud fija |
co cga |
| 008 - DATOS DE LONGITUD FIJA--INFORMACIÓN GENERAL |
| campo de control de longitud fija |
050630s2000 r 000 0 spa d |
| 020 ## - NÚMERO INTERNACIONAL ESTÁNDAR DEL LIBRO |
| Número Internacional Estándar del Libro |
987-9220--52-8 |
| 035 ## - NÚMERO DE CONTROL DEL SISTEMA |
| Número de control de sistema |
050949 |
| 040 ## - FUENTE DE CATALOGACIÓN |
| Centro catalogador/agencia de origen |
mxcmmo |
| Lengua de catalogación |
spa |
| Normas de descripción |
rda |
| Centro/agencia transcriptor |
mxcmmo |
| 041 0# - CÓDIGO DE IDIOMA |
| Código de lengua del texto/banda sonora o título independiente |
spa |
| 082 04 - NÚMERO DE LA CLASIFICACIÓN DECIMAL DEWEY |
| Número de clasificación |
917.2 |
| Número de ítem |
ATL.en |
| 245 10 - MENCIÓN DEL TÍTULO |
| Título |
Atlas Enciclopedia de México |
| Resto del título |
: México temático |
| 246 04 - FORMA VARIANTE DEL TITULO |
| Título propio/Titulo breve |
México temático : Atlas Enciclopedia de México |
| 264 #1 - PRODUCCIÓN, PUBLICACIÓN, DISTRIBUCIÓN, FABRICACIÓN Y COPYRIGHT |
| Producción, publicación, distribución, fabricación y copyright |
México : |
| Nombre del de productor, editor, distribuidor, fabricante |
Laffont Ediciones Electrónicas |
| 300 ## - DESCRIPCIÓN FÍSICA |
| Extensión |
1 disco: |
| Otras características físicas |
mapas, fotos; |
| Dimensiones |
4 3/4 plg. |
| 336 ## - TIPO DE CONTENIDO |
| Término de tipo de contenido |
texto |
| Código de tipo de contenido |
txt |
| Fuente |
rdacontent |
| 337 ## - TIPO DE MEDIO |
| Nombre/término del tipo de medio |
computadora |
| Código del tipo de medio |
c |
| Fuente |
rdamedia |
| 338 ## - TIPO DE SOPORTE |
| Nombre/término del tipo de soporte |
otro |
| Código del tipo de soporte |
cz |
| Fuente |
rdacarrier |
| 347 ## - CARACTERÍSTICAS DEL ARCHIVO DIGITAL |
| Tipo de archivo |
data file |
| Fuente |
rda |
| 500 ## - NOTA GENERAL |
| Nota general |
Disco Compacto |
| 538 ## - NOTA DE DETALLES DEL SISTEMA |
| Nota de detalles del sistema |
El sistema requiere: Computadora PC con sistema operativo windows 98, Me, 2000 o XP ; windows 95 sólo si tiene instalado Microsoft Internet Explores 5. ; procesador pentium o superior a 200 Mh ; 64 Mb en RAM ; 30 Mb disponibles en disco duro ; 1 Mb o m´as en memoria de video ; monitor configurado a miles de colores, alta densidad 16 bits de resolución 800 x 600 pixeles ; unidad de lectura de CD-ROM 12 X o superior ; tarjeta de sonido ; bocinas |
| 651 #7 - PUNTO DE ACCESO ADICIONAL DE MATERIA--NOMBRE GEOGRÁFICO |
| Nombre geográfico |
México |
| Subdivisión general |
Condiciones económicas |
| Subdivisión cronológica |
2000- |
| Subdivisión general |
Atlas |
| 9 (RLIN) |
141308 |
| 651 #7 - PUNTO DE ACCESO ADICIONAL DE MATERIA--NOMBRE GEOGRÁFICO |
| Nombre geográfico |
México |
| Subdivisión general |
Condiciones sociales |
| Subdivisión cronológica |
2000- |
| Subdivisión general |
Atlas |
| 9 (RLIN) |
141309 |
| 900 ## - ELEMENTOS DE DATOS A LOCAL, LDA (RLIN) |
| Nombre de persona |
ALEPH14 |
| Numeración |
10 |
| Títulos y otros términos asociados al nombre |
20061103 |
| Lenguaje de la obra |
MOR01 |
| -- |
1054 |
| 900 ## - ELEMENTOS DE DATOS A LOCAL, LDA (RLIN) |
| Nombre de persona |
BATCH-UPD |
| Numeración |
00 |
| Títulos y otros términos asociados al nombre |
20120323 |
| Lenguaje de la obra |
MOR01 |
| -- |
1751 |
| 900 ## - ELEMENTOS DE DATOS A LOCAL, LDA (RLIN) |
| Nombre de persona |
BATCH-UPD |
| Numeración |
10 |
| Títulos y otros términos asociados al nombre |
20120321 |
| Lenguaje de la obra |
MOR01 |
| -- |
1716 |
| 900 ## - ELEMENTOS DE DATOS A LOCAL, LDA (RLIN) |
| Nombre de persona |
BATCH |
| Numeración |
00 |
| Títulos y otros términos asociados al nombre |
20120322 |
| Lenguaje de la obra |
MOR01 |
| -- |
1738 |
| 900 ## - ELEMENTOS DE DATOS A LOCAL, LDA (RLIN) |
| Nombre de persona |
CAT |
| Numeración |
30 |
| Títulos y otros términos asociados al nombre |
20050701 |
| Lenguaje de la obra |
MOR01 |
| -- |
1112 |
| 900 ## - ELEMENTOS DE DATOS A LOCAL, LDA (RLIN) |
| Nombre de persona |
CAT |
| Numeración |
30 |
| Títulos y otros términos asociados al nombre |
20050701 |
| Lenguaje de la obra |
MOR01 |
| -- |
1115 |
| 900 ## - ELEMENTOS DE DATOS A LOCAL, LDA (RLIN) |
| Nombre de persona |
KLAS |
| Numeración |
30 |
| Títulos y otros términos asociados al nombre |
20050704 |
| Lenguaje de la obra |
MOR01 |
| -- |
1259 |
| 900 ## - ELEMENTOS DE DATOS A LOCAL, LDA (RLIN) |
| Nombre de persona |
KLAS |
| Numeración |
30 |
| Títulos y otros términos asociados al nombre |
20050704 |
| Lenguaje de la obra |
MOR01 |
| -- |
1301 |
| 900 ## - ELEMENTOS DE DATOS A LOCAL, LDA (RLIN) |
| Nombre de persona |
MARC21 |
| Numeración |
40 |
| Títulos y otros términos asociados al nombre |
20120905 |
| Lenguaje de la obra |
MOR01 |
| -- |
1103 |
| 900 ## - ELEMENTOS DE DATOS A LOCAL, LDA (RLIN) |
| Nombre de persona |
MARC21 |
| Numeración |
40 |
| Títulos y otros términos asociados al nombre |
20120906 |
| Lenguaje de la obra |
MOR01 |
| -- |
1013 |
| 900 ## - ELEMENTOS DE DATOS A LOCAL, LDA (RLIN) |
| Nombre de persona |
MARY |
| Numeración |
05 |
| Títulos y otros términos asociados al nombre |
20050630 |
| Lenguaje de la obra |
MOR01 |
| -- |
1234 |
| 900 ## - ELEMENTOS DE DATOS A LOCAL, LDA (RLIN) |
| Nombre de persona |
VOBO |
| Numeración |
40 |
| Títulos y otros términos asociados al nombre |
20050704 |
| Lenguaje de la obra |
MOR01 |
| -- |
1510 |
| 904 ## - ELEMENTOS DE DATOS D LOCAL, LDD (RLIN) |
| a |
UPDATE |
| 942 ## - ELEMENTOS DE ENTRADA SECUNDARIOS (KOHA) |
| Código de la institución [OBSOLETO] |
CF |
| 901 ## - ELEMENTOS DE DATOS A LOCAL LDA (RLIN) |
| a |
batch batch |